[Event "Druzynowe Mistrzostwa Polski Juniorow - I Liga"]
[Site "Ustron"]
[Date "2011-07-05"]
[Round "9.29"]
[White "Wozniak, Mariola"]
[Black "Przybylska, Agata"]
[Result "0-1"]
[WhiteTitle "WCM"]
[BlackTitle "II"]
[WhiteElo "1812"]
[BlackElo "1604"]

1. e4 c6 2. d4 d5 3. Nc3 dxe4 4. Nxe4 Bf5 5. Ng3 Bg6 6. h4 h6 7. Nf3 Nd7 8. h5
Bh7 9. Bd3 Bxd3 10. Qxd3 Ngf6 11. Bd2 Qc7 12. O-O-O e6 13. Ne4 Nxe4 14. Qxe4
Nf6 15. Qe2 O-O-O 16. g3 Nd5 17. c4 Nb4 18. a3 Na6 19. c5 Qe7 20. Bf4 Nc7
21. Qe1 Nd5 22. Be5 f6 23. Bd6 Qf7 24. Bxf8 Rhxf8 25. Nd2 Kb8 26. Nc4 Qe7
27. f4 Nc7 28. a4 Rd5 29. Qb4 Na6 30. Qc3 Rfd8 31. Nd6 Nc7 32. g4 Ne8 33. Nxe8
Qxe8 34. b3 Qd7 35. Rhe1 e5 36. fxe5 fxe5 37. Qg3 Ka8 38. Rxe5 Rxd4 39. Rxd4
Qxd4 40. Qe1 Qxg4 41. Re8 Qg5+ 42. Kb1 a6 43. Rxd8+ Qxd8 44. Qe5 Qg8 45. Kb2
Ka7 46. Qd6 Qe8 47. Qc7 Qb8 48. Qb6+ Ka8 49. b4 Qe5+ 50. Kb3 Qd5+ 51. Kc3 Kb8
52. Kb2 Kc8 53. Qa7 Qxh5 54. Qa8+ Kc7 55. Qf8 Qe5+ 56. Kb3 Qd5+ 57. Kc3 Qe5+
58. Kb3 Qf6 59. Qh8 Qe6+ 60. Kc3 g5 61. Qg7+ Kb8 62. Qh8+ Ka7 63. Qd8 Qe3+
64. Kc2 Qf4 65. Qb6+ Ka8 66. Qd8+ Qb8 67. Qf6 Qh2+ 68. Kd3 g4 69. b5 cxb5
70. axb5 Qg3+ 71. Kc4 axb5+ 72. Kxb5 Qd3+ 73. Kb4 Qe4+ 74. Ka5 Qe1+ 75. Kb5
Qe2+ 76. Kb4 Qd2+ 77. Kb5 Qd7+ 78. Kb4 Qd2+ 79. Kb5 Qd3+ 80. Kb4 Qb1+ 81. Ka5
Qa2+ 82. Kb4 Qa6 83. Qf8+ Ka7 84. Qg7 h5 85. Qg5 Qc6 86. Qxh5 Qe4+ 87. Kb5 Qd3+
88. Kb4 g3 89. Qg5 Qe4+ 90. Kb5 g2 91. Qc1 Qd3+ 92. Ka5 Qd4 0-1

[Event "Druzynowe Mistrzostwa Polski Juniorow - I Liga"]
[Site "Ustron"]
[Date "2011-07-05"]
[Round "9.30"]
[White "Antolak, Julia"]
[Black "Marczuk, Anna"]
[Result "1-0"]
[WhiteTitle "II+"]
[BlackTitle "II+"]
[WhiteElo "1509"]
[BlackElo "1634"]

1. f4 d5 2. b3 Nf6 3. Bb2 e6 4. Nf3 Bd6 5. e3 c5 6. Bb5+ Bd7 7. Bxd7+ Nbxd7
8. O-O Qc7 9. c4 e5 10. fxe5 Nxe5 11. Nxe5 Bxe5 12. Bxe5 Qxe5 13. Nc3 d4
14. exd4 Qxd4+ 15. Kh1 O-O 16. Nb5 Qd7 17. Qf3 a6 18. Nc3 Rad8 19. Rad1 Rfe8
20. Na4 Qc7 21. h3 Ne4 22. Rfe1 f5 23. d3 Ng3+ 24. Kg1 Rxe1+ 25. Rxe1 b5
26. Nc3 Qa5 27. Qxg3 Qxc3 28. cxb5 axb5 29. Qe3 Qd4 30. Qxd4 Rxd4 31. Re5 c4
32. dxc4 bxc4 33. bxc4 Rxc4 34. Rxf5 Rc2 35. Rf2 Rc1+ 36. Rf1 Rc2 37. Ra1 Rc7
38. a4 Ra7 39. a5 h6 40. Kf2 Kf7 41. Kf3 Kf6 42. Kf4 g6 43. a6 g5+ 44. Ke4 Ke6
45. Ra5 Kd6 46. Kf5 Kc6 47. Kg6 Kb6 48. Ra2 Ra8 49. Kxh6 Rg8 50. a7 Kb7
51. a8=Q+ Rxa8 52. Rxa8 Kxa8 53. Kxg5 1-0